00485cam a22002051 4500001001300000003000400013005001700017008004100034010001700075035002000092040001800112042001200130050002100142100002700163245002500190260001100215300001800226500001800244999001700262sa 64004060 DLC20260227112022.0890713s1963 ii 000 0 malo  asa 64004060  a(OCoLC)20005924 aDLCcWaUdDLC apremarc00aPL4718.9.M6bT430 aMoidu Padiyath,d1931-10aTeruvile puṣpaṃ. c[1963] a96 p.c18 cm. aIn Malayalam. c58290d58290